| 000 | 00526nam a22001457a 4500 | ||
|---|---|---|---|
| 003 | 0 | ||
| 005 | 20160609172257.0 | ||
| 008 | 130813t xxu||||| |||| 00| 0 eng d | ||
| 040 |
_aBUAC _bFr _cBEPAC |
||
| 100 |
_aAGBAZAHOU, N’djrossé Honoré _926365 |
||
| 245 |
_aInventaire des ligneux fourragers dans les terres de parcours communautaires du centre Bénin (Tchaourou-Pèrèrè) _cAGBAZAHOU, N’djrossé Honoré |
||
| 260 |
_aAbomey-Calavi _bEcole Polytechnique d’Abomey-Calavi _c2007 |
||
| 300 | _a36 p. | ||
| 942 | _cTHE | ||
| 999 |
_c52589 _d52589 |
||